En torno a la mesa : (Registro nro. 13409)

Detalles MARC
000 -LIDER
fixed length control field 00853nam a22002657a 4500
003 - IDENTIFICACDOR DE NÚMERO DE CONTROL
control field DO-SdBNP
005 - DATE AND TIME OF LATEST TRANSACTION
control field 20231123103909.0
008 - ELEMENTOS DE LONGITUD FIJA
fixed length control field 210326b2015 dr 00| 0 spa d
020 ## - ISBN
International Standard Book Number 9789945009781
040 ## - FUENTE DE CATALOGACIÓN
Agencia que crea de manera original el registro BPMSU
Idioma de catalogación spa
Agencia que realiza la transcripción BPMSU
082 ## - NÚMERO DE CLASIFICACIÓN DECIMAL DE DEWEY
Classification number 808
Item number C951e, 2015
Edition number 22
100 1# - ASIENTO PRINCIPAL -- NOMBRE PERSONAL
Nombre personal Cross Frías, Elvira Angélica
245 10 - MENCIÓN DE TITULO
Título En torno a la mesa :
Subtítulo relatos /
Mención de responsabilidad Elvira Angélica Cross Frías; ilustración Cándido Bidó
250 ## - MENCIÓN DE EDICION
Mención de edición 2a. ed.
260 ## - PUBLICACIÓN, DISTRIBUCIÓN, ETC. (PIE DE IMPRENTA)
Lugar de publicación, distribución, etc Santo Domingo ;
Nombre del editor, distribuidor, etc. Amigo del Hogar,
Fecha de publicación, distribución, etc 2015
300 ## - DESCRIPCIÓN FÍSICA
Extensión 239 p. :
Otros detalles físicos ils. ;
Dimensiones 23 cm.
500 ## - NOTA GENERAL
Nota general Incluye datos biográficos del autor
590 ## - NOTA LOCAL
Texto de la nota local Inventariado, 2023/VM
650 #4 - ENCABEZAMIENTO DE MATERIA--TEMÁTICO
Término temático o nombre geográfico como elemento de entrada Cuentos dominicanos
650 #4 - ENCABEZAMIENTO DE MATERIA--TEMÁTICO
Término temático o nombre geográfico como elemento de entrada Literatura dominicana
650 #4 - ENCABEZAMIENTO DE MATERIA--TEMÁTICO
Término temático o nombre geográfico como elemento de entrada Poesías dominicanas
700 1# - ASIENTO SECUNDARIO -- NOMBRE PERSONAL
Nombre personal Bidó, Cándido
Fechas asociadas con el nombre 1936-2011
Mención de responsabilidad il
910 ## - VALIDACIÓN
Validación VMateo V. Control de calidad. BPMSU
942 ## - ADDED ENTRY ELEMENTS (KOHA)
Source of classification or shelving scheme Dewey Decimal Classification
Koha item type Libros
Existencias
Withdrawn status Lost status Source of classification or shelving scheme Damaged status Not for loan Collection code Home library Current library Date acquired Full call number Barcode Date last seen Price effective from Koha item type Copy number
    Dewey Decimal Classification     Colección Dominicana Biblioteca Pública Metropolitana Salomé Ureña Biblioteca Pública Metropolitana Salomé Ureña 03/26/2021 BPMSU CD 808 C951e 2015 BPMSU21030069 03/26/2021 03/26/2021 Libros  
    Dewey Decimal Classification     Colección Dominicana Biblioteca Pública Metropolitana Salomé Ureña Biblioteca Pública Metropolitana Salomé Ureña 03/26/2021 BPMSU CD 808 C951e 2015 BPMSU21030070 03/26/2021 03/26/2021 Libros e.2
    Dewey Decimal Classification     Colección Dominicana Biblioteca Pública Metropolitana Salomé Ureña Biblioteca Pública Metropolitana Salomé Ureña 03/26/2021 BPMSU CD 808 C951e 2015 BPMSU21030071 03/26/2021 03/26/2021 Libros e.3